[Event "Gibraltar Amateur op-A"]
[Site "Caleta"]
[Date "2017.01.25"]
[Round "3"]
[White "Bosschem, Eddy"]
[Black "Maman, Emanuel"]
[Result "1-0"]
[WhiteElo "1899"]
[BlackElo "1778"]
[PlyCount "85"]
[EventDate "2017.01.23"]
[EventType "swiss"]
[EventRounds "5"]
[EventCountry "GGB"]
[SourceTitle "CBM 176 Extra"]
[Source "ChessBase"]
[SourceDate "2017.03.02"]
[SourceVersion "1"]
[SourceVersionDate "2017.03.02"]
[SourceQuality "1"]

1. d4 Nf6 2. Nf3 g6 3. Bf4 d5 4. e3 Bg7 5. Be2 0-0 6. 0-0 Re8 7. h3 Nc6 8. c4 e6 9. Nc3 a6 10. Rb1 dxc4 11. Bxc4 Nd5 12. Bg3 b5 13. Bb3 Bb7 14. Ne4 Na5 15. Nc5 Bc8 16. Rc1 Nxb3 17. Qxb3 Ra7 18. Rfd1 Nb6 19. Ne5 Bxe5 20. Bxe5 f6 21. Bg3 Qe7 22. Rc2 g5 23. Rdc1 Nd5 24. e4 Nf4 25. Nd3 Qd6 26. Qc3 e5 27. d5 Bd7 28. Qc5 Rb7 29. Qe3 Nxd3 30. Qxd3 Kg7 31. f3 Rc8 32. Bf2 Be8 33. Bc5 Qd7 34. Qa3 Ra8 35. Qa5 f5 36. Be3 Rc8 37. Qxa6 Rbb8 38. Bxg5 fxe4 39. Qf6+ Kg8 40. Qxe5 exf3 41. Rxc7 f2+ 42. Kxf2 Rxc7 43. Rxc7 1-0

[Event "Geraardsbergen op 25th"]
[Site "Geraardsbergen"]
[Date "2009.08.12"]
[Round "2"]
[White "Denys, Frank"]
[Black "Bosschem, Eddy"]
[Result "1-0"]
[WhiteElo "1854"]
[BlackElo "1958"]
[PlyCount "93"]
[EventDate "2009.08.12"]
[EventType "swiss"]
[EventRounds "9"]
[EventCountry "BEL"]
[SourceTitle "CBM 132 Extra"]
[Source "ChessBase"]
[SourceDate "2009.11.03"]
[SourceVersion "1"]
[SourceVersionDate "2009.11.03"]
[SourceQuality "1"]

1. e4 c6 2. c4 d5 3. cxd5 cxd5 4. exd5 Qxd5 5. Nc3 Qd8 6. Nf3 Nf6 7. d4 e6 8. Bd3 Be7 9. 0-0 0-0 10. Qe2 Nc6 11. Rd1 Nb4 12. Bb1 Bd7 13. Ne5 Rc8 14. a3 Nbd5 15. Nxd7 Qxd7 16. Ne4 Rfd8 17. Bg5 a6 18. Bd3 Qa4 19. Bxf6 Bxf6 20. Nc5 Qc6 21. Qe4 g6 22. h4 Bxd4 23. Qxd4 Qxc5 24. Qe4 Qe7 25. h5 Nf6 26. Qh4 Nd5 27. Qg3 Qc7 28. Qf3 Qf4 29. Qe2 Nf6 30. hxg6 hxg6 31. g3 Qg5 32. Qf3 Nd5 33. Be4 Rc5 34. Qb3 Rb5 35. Qc2 b6 36. b4 Qe7 37. Bd3 Nxb4 38. axb4 Rxb4 39. Rxa6 Qf6 40. Rb1 Rbd4 41. Ra3 e5 42. Qe2 e4 43. Bxe4 Kg7 44. Rd3 Qe5 45. Rxd4 Rxd4 46. Bf3 Qf6 47. Re1 1-0

[Event "Geraardsbergen op"]
[Site "Geraardsbergen"]
[Date "2003.08.17"]
[Round "7"]
[White "Bosschem, Eddy"]
[Black "Barbier, Wim"]
[Result "0-1"]
[WhiteElo "1974"]
[BlackElo "2223"]
[PlyCount "96"]
[EventDate "2003.08.??"]
[EventType "swiss"]
[EventRounds "7"]
[EventCountry "BEL"]
[SourceTitle "EXT 2005"]
[Source "ChessBase"]
[SourceDate "2004.11.15"]
[SourceVersion "1"]
[SourceVersionDate "2004.11.15"]
[SourceQuality "1"]

1. d4 Nf6 2. c4 d6 3. Nc3 e5 4. Nf3 Nbd7 5. e4 g6 6. g3 Bg7 7. Bg2 0-0 8. 0-0 a6 9. Qc2 Rb8 10. Rd1 exd4 11. Nxd4 c5 12. Nf3 b5 13. Bf4 b4 14. Na4 Ne8 15. Bxd6 Nxd6 16. Rxd6 Qe7 17. Rdd1 Bb7 18. Re1 Bc6 19. Rad1 b3 20. axb3 Bxa4 21. bxa4 Rxb2 22. Qd3 Ne5 23. Nxe5 Bxe5 24. f4 Bd4+ 25. Kh1 Rfb8 26. Re2 R2b3 27. Qd2 Qe6 28. f5 Qxc4 29. Ree1 Rb2 30. Qh6 Qc2 31. Qh3 Rb1 32. Bf3 R8b2 33. fxg6 hxg6 34. Rxb1 Rxb1 35. Qf1 Rxe1 36. Qxe1 Qxa4 37. e5 Qa1 38. Qxa1 Bxa1 39. Be2 a5 40. e6 fxe6 41. Bc4 Kf7 42. Kg2 Kf6 43. Kf3 Ke5 44. Ke3 Bd4+ 45. Kd3 a4 46. Ba2 a3 47. Bc4 g5 48. h3 Bf2 0-1

[Event "BEL-ch op"]
[Site "Ghent"]
[Date "2000.??.??"]
[Round "3"]
[White "Versporten, Wim"]
[Black "Bosschem, Eddy"]
[Result "1-0"]
[WhiteElo "2115"]
[BlackElo "1915"]
[PlyCount "61"]
[EventDate "2000.07.??"]
[EventType "swiss"]
[EventRounds "9"]
[EventCountry "BEL"]
[SourceTitle "EXT 2002"]
[Source "ChessBase"]
[SourceDate "2001.11.25"]
[SourceVersion "1"]
[SourceVersionDate "2001.11.25"]
[SourceQuality "1"]

1. d4 Nf6 2. c4 g6 3. Nc3 Bg7 4. e4 d6 5. Bd3 e5 6. d5 0-0 7. Nge2 Nbd7 8. 0-0 a5 9. f3 Nc5 10. Bc2 Ne8 11. Be3 b6 12. Qd2 f5 13. exf5 Bxf5 14. Ng3 Bxc2 15. Qxc2 Nf6 16. b3 Qd7 17. a3 Qf7 18. b4 Nb7 19. Nce4 Nxe4 20. Nxe4 Qd7 21. Qd2 axb4 22. axb4 Ra4 23. Rxa4 Qxa4 24. Ng5 Bh6 25. Ne6 Bxe3+ 26. Qxe3 Rc8 27. Qh6 Qd7 28. f4 Qe7 29. f5 gxf5 30. Rxf5 Kh8 31. Qh5 1-0